Apuntes biográficos acerca del Sr. Leon Anel y Sin ... fallecido en Madrid en 17 de enero de 1876 / (Record no. 164767)

MARC details
000 -LEADER
campo de control de longitud fija 00719nam a22001695i 4500
001 - NÚMERO DE CONTROL
campo de control 164767
003 - IDENTIFICADOR DE NÚMERO DE CONTROL
campo de control ES-MaACL
005 - FECHA Y HORA DE LA ÚLTIMA TRANSACCIÓN
campo de control 20230906213011.0
008 - DATOS DE LONGITUD FIJA--INFORMACIÓN GENERAL
campo de control de longitud fija 010712s1876 sp ||||1| spa d
040 ## - FUENTE DE CATALOGACIÓN
Centro catalogador/agencia de origen CYL
Lengua de catalogación spa
Centro/agencia transcriptor CYL
100 1# - ENTRADA PRINCIPAL--NOMBRE DE PERSONA
Nombre de persona Santucho, José María.
9 (RLIN) 132458
245 10 - MENCIÓN DEL TÍTULO
Título Apuntes biográficos acerca del Sr. Leon Anel y Sin ... fallecido en Madrid en 17 de enero de 1876 /
Mención de responsabilidad, etc. escritos por el Sr. Jose Maria Santucho.
260 ## - PUBLICACIÓN, DISTRIBUCIÓN, ETC.
Lugar de publicación, distribución, etc. Madrid :
Nombre del editor, distribuidor, etc. [s.n.],
Fecha de publicación, distribución, etc. 1876 (
Fabricante Imprenta de A. Gomez Fuentenebro)
300 ## - DESCRIPCIÓN FÍSICA
Extensión 11 p. ;
Dimensiones 27 cm.
600 1# - PUNTO DE ACCESO ADICIONAL DE MATERIA--NOMBRE DE PERSONA
Nombre de persona Anel y Sin, León.
9 (RLIN) 125672
852 ## - LOCALIZACIÓN
Ubicación ES-MaACL
Número de control de estantería T-204-F-17
Nota libre -- Enc. hol., falto de la cub. original
-- -- Enc. en un vol. facticio
-- .- Dedicatoria autógr. del autor
Holdings
Estatus retirado Estado de pérdida Estado de daño No para préstamo Colección Biblioteca de origen Biblioteca actual Ubicación en estantería Fecha de adquisición Total de préstamos Signatura topográfica completa Código de barras Visto por última vez Precio de reemplazo Tipo de ítem Koha
        Colección de folletos Biblioteca del Ateneo de Madrid Biblioteca del Ateneo de Madrid Depósito folletos 17/01/2008   T-204-F-17 1172722 23/02/2023 23/02/2023 Folleto